LEADER 01257nam a2200313 a 4500 001 000000124535 003 CaOOAMICUS 005 20110304115843.0 008 110304t2010 it u000 u ita r 020 $a978-88-372-2453-0 040 $aPUL$bita 082 04$a150.19 100 1 $aTrincia, Francesco Saverio.$0(OLS)http://pul/name/68203 245 10$aFreud e la filosofia /$cFrancesco Saverio Trincia. 260 $aBrescia :$bMorcelliana,$c©2010. 300 $a262 p. ;$c21 cm. 490 1 $aFilosofia. Testi e studi ;$v20 500 $aInclude indice. 504 $aBibliografia in nota. 600 14$aFreud, Sigmund,$d1856-1939$xCritica e interpretazione.$0(OLS)http://pul/subject/7836 830 0$aFilosofia (Morcelliana)$pTesti e Studi ;$v20.$0(OLS)http://pul/title/148210 850 $aPUL 852 $aPUL$W1$xSL Filosofia 3$y81$m150. 19 TRISA 1$j143416$qDDC 21$B142447$CPULBib$Z2$F142447 $H115891 $82 941 1 $a9 996 $6020$a978-88-372-2453-0$9(OLS)http://pul/number/146569 996 $6082$a150.19$9(OLS)http://pul/classification/1885 996 $6245$aFreud e la filosofia$9(OLS)http://pul/title/156992 996 $6260$aBrescia :$bMorcelliana$9(OLS)http://pul/publisher/47854 LEADER 03515nam a2200481 i 4500 001 000000112139 003 CaOOAMICUS 005 20080626143523.0 008 080626s1992 fr 000 u fre c 020 $a2-220-03316-3 (DDB) 020 $z2-204-4531-4 (Cerf)* 040 $aPUL$bita$dLDB 100 0 $aTeresia a Iesu Infante,$csanta,$d1873-1897.$0(OLS)http://pul/name/34344 245 10$aRécréations pieuses ; Prières /$cSainte Thérèse de l'Enfant-Jésus et de la Sainte-Face. 246 30$aPrières 250 $aNouvelle édition. 260 $aParis :$bCerf ;$a[S.l.] :$bDesclée,$c1992. 300 $a632 p. ;$c20 cm. 490 1 $aÉdition critique des Oeuvres completes de Sainte Therese de l'Enfant-Jesus et de la Sainte-Face (Nouvelle édition) 500 $aIn custodia. 504 $aInclude indici e riferimenti bibliografici. 777 1 $aTeresia a Iesu Infante, santa, 1873-1897.$tManuscrits autobiographiques.$bEdition critique.$dParis : Cerf ; [S.l.] : Desclée, 1992.$kTeresia a Iesu Infante, santa, 1873-1897 Opera omnia$z2-204-04527-6$z2-220-03312-0$w()112135 777 1 $aTeresia a Iesu Infante, santa, 1873-1897.$tCorrespondance générale.$b2è éd. revue et corrigée.$dParis : Cerf ; [S.l.] : Desclée, 1992.$kTeresia a Iesu Infante, santa, 1873-1897 Opera omnia$z2-204-04529-2$z2-220-03314-7$w()112136 777 1 $aTeresia a Iesu Infante, santa, 1873-1897.$tPremière "Histoire d'une âme" de 1898.$dParis : Cerf ; [S.l.] : Desclée, 1992.$kTeresia a Iesu Infante, santa, 1873-1897 Opera omnia$z2-204-04528-4$z2-220-03313-9$w()112137 777 1 $aTeresia a Iesu Infante, santa, 1873-1897.$tPoésies.$bNouvelle édition.$dParis : Cerf ; [S.l.] : Desclée, 1992.$kTeresia a Iesu Infante, santa, 1873-1897 Opera omnia$z2-204-04530-6$z2-220-03315-5$w()112138 777 1 $aTeresia a Iesu Infante, santa, 1873-1897.$tDerniers entretiens avec ses soeurs mère Agnès de Jésus, soeur Geneviève, soeur Marie du Sacré-Coeur et témoignages divers.$b2è éd. revue et corrigée.$dParis : Cerf ; [S.l.] : Desclée, 1992.$kTeresia a Iesu Infante, santa, 1873-1897 Opera omnia$z2-204-04532-2$z2-220-03317-1$w()112140 777 1 $aTeresia a Iesu Infante, santa, 1873-1897.$tDernieres paroles.$b2è éd. revue et corrigée.$dParis : Cerf ; [S.l.] : Desclée, 1992.$kTeresia a Iesu Infante, santa, 1873-1897 Opera omnia$z2-204-04533-0$w()112141 800 0 $aTeresia a Iesu Infante,$csanta,$d1873-1897.$tOpera omnia.$0(OLS)http://pul/nameTitle/794$0(OLS)http://pul/name/34344$0(OLS)http://pul/title/2415 850 $aPUL 852 $aPUL$W1$xDP1 Religione 1$y20$m639 F 51$j128388$qStampati$B127236$CPULBib$Z2$F127236 $H75945 $82 900 $aTeresa di Lisieux,$cs.,$d1873-1897$934344 900 $aTeresa di Gesù Bambino,$cs.,$d1873-1897$934344 900 $aTeresia a Iesu Infante,$cs.,$d1873-1897$934344 900 $aTeresa di Lisieux,$cs.,$d1873-1897$934344 900 $aTeresa di Gesù Bambino,$cs.,$d1873-1897$934344 900 $aTeresia a Iesu Infante,$cs.,$d1873-1897$934344 941 1 $a8 996 $6020$z2-204-4531-4 (Cerf)*$9(OLS)http://pul/number/138224 996 $6020$a2-220-03316-3 (DDB)$9(OLS)http://pul/number/138225 996 $6245$aRécréations pieuses ; Prières$9(OLS)http://pul/title/140970 996 $6246$aPrières$9(OLS)http://pul/title/140971 996 $6260$aParis :$bCerf$9(OLS)http://pul/publisher/48238 996 $6260$a[S.l.] :$bDesclée$9(OLS)http://pul/publisher/56139